| 000 | 01537nam a2200337 a 4500 | ||
|---|---|---|---|
| 001 | 000026730 | ||
| 003 | DO-SdBNP | ||
| 005 | 20180327143251.0 | ||
| 007 | 000026730 | ||
| 008 | 110324s1996 dr 001 0 spa d | ||
| 020 | _a8489401101 | ||
| 040 |
_aBPMSU _bspa _cBPMSU |
||
| 082 | 0 | 4 |
_a338.9729 _bS471h |
| 111 | 1 |
_aSeminario Internacional "Hacia una Agenda Sociopolítica de la Integración en el Caribe" _d(1995 : _cSanto Domingo) |
|
| 245 | 1 | 0 |
_aHacia una agenda sociopolítica de la integración en el Caribe : _bconclusiones y recomendaciones = Towards a sociopolitical agenda for caribbean integration : conclusions and recomendations / _ccoordinación Alejandra Liriano, Lilian Bobea. |
| 246 | 1 | 0 |
_aTowards a sociopolitical agenda for caribbean integration : _bconclusions and recomendations |
| 260 | 0 |
_aSanto Domingo : _bFLASCO, _c1996. |
|
| 300 |
_a114 p. ; _c23 cm. |
||
| 650 | 4 | _aGEOPOLÍTICA | |
| 651 | 4 |
_aCARIBE (REGIÓN) _xINTEGRACIÓN ECONÓMICA _xCONGRESOS, CONFERENCIAS, ETC. |
|
| 651 | 4 |
_aCARIBE (REGIÓN) _xCONDICIONES ECONÓMICAS _xCONGRESOS, CONFERENCIAS, ETC. |
|
| 651 | 4 |
_aCARIBE (REGIÓN) _xPOLÍTICA AMBIENTAL _xCONGRESOS, CONFERENCIAS, ETC. |
|
| 651 | 4 |
_aCARIBE (REGIÓN) _xPOLÍTICA Y GOBIERNO |
|
| 700 | 1 | 2 |
_aLiriano, Alejandro _ecoord. |
| 700 | 1 | 2 |
_aBobea, Lilian _ecoord. |
| 710 | 2 | _aFacultad Latinoaméricana de Ciencias Sociales | |
| 910 | _aValidado. Control de calidad MFF | ||
| 942 |
_2ddc _cBK |
||
| 945 | _aRemanejado para la BNPHU, 2018 / BT | ||
| 956 |
_aVMATEO _b10 _c20150908 _lBPMSU _h0069 |
||
| 999 |
_c7372 _d7372 |
||